00734cam a2200229 i 4500020001800000020001500018020001800033020001500051082000800066100002300074245004800097250001900145260003100164300005700195520012200252650003000374650002400404650002000428650002100448650001600469700001900485 a9781338272000 a1338272004 a9781338323924 a133832392X04a[E]1 aColandro, Lucille,10aThere was an old lady who swallowed a cow / aFirst edition. aNew YorkbScholasticc2018 a30 unnumbered pages :bchiefly color illustrations ; aIn this adaptation of the traditional nursery rhyme, a woman swallows a cow, some hay, and other items from her farm. 0aChildren's songs, English 0aFolk songs, English 1aAmerican songs. 1aNonsense verses. 1aSong texts.1 aLee, Jared D.,